<?xml version="1.0" encoding="UTF-8"?>
<collection xmlns="http://www.loc.gov/MARC21/slim">
<record>
  <controlfield tag="001">162905</controlfield>
  <controlfield tag="005">20251017144603.0</controlfield>
  <datafield tag="024" ind1="7" ind2=" ">
    <subfield code="2">doi</subfield>
    <subfield code="a">10.1212/WNL.0000000000214103</subfield>
  </datafield>
  <datafield tag="024" ind1="8" ind2=" ">
    <subfield code="2">sideral</subfield>
    <subfield code="a">145409</subfield>
  </datafield>
  <datafield tag="037" ind1=" " ind2=" ">
    <subfield code="a">ART-2025-145409</subfield>
  </datafield>
  <datafield tag="041" ind1=" " ind2=" ">
    <subfield code="a">eng</subfield>
  </datafield>
  <datafield tag="100" ind1=" " ind2=" ">
    <subfield code="a">Catalán-Aguilar, Judit</subfield>
  </datafield>
  <datafield tag="245" ind1=" " ind2=" ">
    <subfield code="a">Buffered Cortisol Response to Stress in Patients With Epilepsy and Its Association With Memory and Quality of Life</subfield>
  </datafield>
  <datafield tag="260" ind1=" " ind2=" ">
    <subfield code="c">2025</subfield>
  </datafield>
  <datafield tag="506" ind1="0" ind2=" ">
    <subfield code="a">Access copy available to the general public</subfield>
    <subfield code="f">Unrestricted</subfield>
  </datafield>
  <datafield tag="520" ind1="3" ind2=" ">
    <subfield code="a">Background and Objectives: Epilepsy is a chronic stress condition associated with dysregulation in the hypothalamic-pituitary-adrenal axis and cognitive and emotional comorbidities. Therefore, we aimed to examine the acute stress response integrity in adults with epilepsy and its relationship with affectivity, memory, and quality of life (QOL).
Methods: This hybrid single-blind controlled study involved 3 groups: an experimental group (EG) of patients with epilepsy exposed to the Trier Social Stress Test (TSST) during a neuropsychological assessment; a control group of patients with epilepsy who underwent neuropsychological testing without stress exposure; and a healthy group (HG) also exposed to the TSST. Patients were recruited from the Refractory Epilepsy Unit and randomly assigned to the experimental or control group. Six saliva samples were collected from all groups at consistent intervals to measure cortisol levels. Repeated measures analyses of covariance and Spearman correlations were performed.
Results: The sample consisted of 147 participants: 38 patients in the EG (50% women; 38.50 ± 10.92 years), 50 patients in the control group (48% women; 40.82 ± 8.55 years), and 59 individuals in the HG (58% women; 40.82 ± 8.55 years). The EG showed an abolition of the stress response and no differences with those not exposed to the TSST. The HG exhibited the expected cortisol response to stress with a rise in the area under the curve with respect to increase, which contrasts with the decreases observed in both groups of patients (F(2,146) = 9.15, η2 = 0.11) with and without stress (mean difference [MD] = −107.90, 95% CI −176.75 to −39.05, and MD = −89.19, 95% CI −152.81 to −25.56, respectively). Cortisol production in the EG was related to lower seizure frequency (ρ = −0.40, 95% CI −0.66 to −0.08), and better memory retrieval (ρ = 0.43, 95% CI 0.15–0.68) and QOL (ρ = 0.40, 95% CI 0.10–0.65).
Discussion: Patients with epilepsy may exhibit a buffered cortisol response to acute stress. Preservation of this response is associated with better clinical, cognitive, and QOL outcomes. Despite limitations such as the cross-sectional design and sample specificity, these findings could help clarify the underlying mechanisms of stress-epilepsy interaction.</subfield>
  </datafield>
  <datafield tag="536" ind1=" " ind2=" ">
    <subfield code="9">info:eu-repo/grantAgreement/ES/MICINN/PID2020-118992RB-I00</subfield>
  </datafield>
  <datafield tag="540" ind1=" " ind2=" ">
    <subfield code="9">info:eu-repo/semantics/openAccess</subfield>
    <subfield code="a">by-nc-nd</subfield>
    <subfield code="u">https://creativecommons.org/licenses/by-nc-nd/4.0/deed.es</subfield>
  </datafield>
  <datafield tag="655" ind1=" " ind2="4">
    <subfield code="a">info:eu-repo/semantics/article</subfield>
    <subfield code="v">info:eu-repo/semantics/publishedVersion</subfield>
  </datafield>
  <datafield tag="700" ind1=" " ind2=" ">
    <subfield code="a">González-Bono, Esperanza</subfield>
  </datafield>
  <datafield tag="700" ind1=" " ind2=" ">
    <subfield code="a">Villanueva, Vicente</subfield>
  </datafield>
  <datafield tag="700" ind1=" " ind2=" ">
    <subfield code="a">Hampel, Kevin Gil</subfield>
  </datafield>
  <datafield tag="700" ind1=" " ind2=" ">
    <subfield code="a">Lozano-García, Alejandro</subfield>
  </datafield>
  <datafield tag="700" ind1=" " ind2=" ">
    <subfield code="a">Hidalgo, Vanesa</subfield>
    <subfield code="u">Universidad de Zaragoza</subfield>
    <subfield code="0">(orcid)0000-0003-3920-1099</subfield>
  </datafield>
  <datafield tag="700" ind1=" " ind2=" ">
    <subfield code="a">Salvador, Alicia</subfield>
  </datafield>
  <datafield tag="700" ind1=" " ind2=" ">
    <subfield code="a">Tormos-Pons, Paula</subfield>
  </datafield>
  <datafield tag="700" ind1=" " ind2=" ">
    <subfield code="a">Cano-López, Irene</subfield>
  </datafield>
  <datafield tag="710" ind1="2" ind2=" ">
    <subfield code="1">4009</subfield>
    <subfield code="2">725</subfield>
    <subfield code="a">Universidad de Zaragoza</subfield>
    <subfield code="b">Dpto. Psicología y Sociología</subfield>
    <subfield code="c">Área Psicobiología</subfield>
  </datafield>
  <datafield tag="773" ind1=" " ind2=" ">
    <subfield code="g">105, 7 (2025), e214103 [12 pp.]</subfield>
    <subfield code="p">Neurology</subfield>
    <subfield code="t">NEUROLOGY</subfield>
    <subfield code="x">0028-3878</subfield>
  </datafield>
  <datafield tag="856" ind1="4" ind2=" ">
    <subfield code="s">555233</subfield>
    <subfield code="u">http://zaguan.unizar.es/record/162905/files/texto_completo.pdf</subfield>
    <subfield code="y">Versión publicada</subfield>
  </datafield>
  <datafield tag="856" ind1="4" ind2=" ">
    <subfield code="s">2278881</subfield>
    <subfield code="u">http://zaguan.unizar.es/record/162905/files/texto_completo.jpg?subformat=icon</subfield>
    <subfield code="x">icon</subfield>
    <subfield code="y">Versión publicada</subfield>
  </datafield>
  <datafield tag="909" ind1="C" ind2="O">
    <subfield code="o">oai:zaguan.unizar.es:162905</subfield>
    <subfield code="p">articulos</subfield>
    <subfield code="p">driver</subfield>
  </datafield>
  <datafield tag="951" ind1=" " ind2=" ">
    <subfield code="a">2025-10-17-14:14:37</subfield>
  </datafield>
  <datafield tag="980" ind1=" " ind2=" ">
    <subfield code="a">ARTICLE</subfield>
  </datafield>
</record>
</collection>